| 000 | 00486nam a22001937a 4500 | ||
|---|---|---|---|
| 005 | 20260604124122.0 | ||
| 008 | 260604b |||||||| |||| 00| 0 eng d | ||
| 020 |
_a9789356932661 _c525.00 |
||
| 040 | _aMAIN | ||
| 041 | _aEnglish | ||
| 082 |
_a332 _bGOR |
||
| 100 |
_aGordon, E. _9995 |
||
| 245 | _aFinancial Markets and Services | ||
| 260 |
_aMumbai _bHimalaya _c2025 |
||
| 300 | _a438 | ||
| 650 |
_aEconomics (PM USHA) _926774 |
||
| 700 |
_aNatarajan, K. _927015 |
||
| 942 | _cBK | ||
| 999 |
_c61003 _d61003 |
||